| 000 | 00747nam a22001815i 4500 | ||
|---|---|---|---|
| 001 | 164031 | ||
| 003 | ES-MaACL | ||
| 005 | 20230906212847.0 | ||
| 008 | 050818s1889 uy b | |||||||| ||spa d | ||
| 040 |
_aCAM _bspa _cCAM |
||
| 100 | 1 |
_aRoustan, Honoré. _9132115 |
|
| 245 | 1 | 3 |
_aLa République de l'Uruguay á l'exposition universelle de Paris 1889 / _cpar Honoré Roustan. |
| 260 |
_aMontevideo : _b[s.n.], _c1889 ( _fTipografía á vapor de "El Siglo", calle 25 de mayo, nº 58) |
||
| 300 | _aXIV, 110 p., [1] h. de map. pleg. | ||
| 599 | _aLa h. de map. pleg.: Uruguay. | ||
| 711 | 2 |
_aExposición Universal ( _d1889. _cParís) _9135154 |
|
| 852 |
_aES-MaACL _jT-786-F-3 _z-- Enc. hol., conservando la enc. original _z-- Enc. en un vol. facticio |
||
| 999 |
_c164031 _d164031 |
||